And then what happened, Paul Revere? / (Record no. 8438)

MARC details
000 -LEADER
fixed length control field 01192cam a2200349 4500
001 - CONTROL NUMBER
control field 8438
003 - CONTROL NUMBER IDENTIFIER
control field FISKH
005 - DATE AND TIME OF LATEST TRANSACTION
control field 20250912090516.0
008 - FIXED-LENGTH DATA ELEMENTS--GENERAL INFORMATION
fixed length control field 731212s1973 nyua j 000 0beng
010 ## - LIBRARY OF CONGRESS CONTROL NUMBER
LC control number 73077423
020 ## - INTERNATIONAL STANDARD BOOK NUMBER
International Standard Book Number 0698202740 0698305264
Qualifying information lib. bdg.
020 ## - INTERNATIONAL STANDARD BOOK NUMBER
International Standard Book Number 9780698202740
Qualifying information (lib. bdg.)
035 ## - SYSTEM CONTROL NUMBER
System control number 4088051
040 ## - CATALOGING SOURCE
Original cataloging agency DLC
Transcribing agency DLC
Modifying agency DLC
Language of cataloging eng
050 ## - LIBRARY OF CONGRESS CALL NUMBER
Classification number F69 .R4178
082 00 - DEWEY DECIMAL CLASSIFICATION NUMBER
Classification number 973.3311092
100 1# - MAIN ENTRY--PERSONAL NAME
Personal name Fritz, Jean.
245 10 - TITLE STATEMENT
Title And then what happened, Paul Revere? /
Statement of responsibility, etc. Pictures by Margot Tomes.
260 ## - PUBLICATION, DISTRIBUTION, ETC.
Place of publication, distribution, etc. New York :
Name of publisher, distributor, etc. Coward,
Date of publication, distribution, etc. 1973
300 ## - PHYSICAL DESCRIPTION
Extent 45 pages :
Other physical details color illustrations ;
Dimensions 20 cm
336 ## - CONTENT TYPE
Content type term text
Content type code txt
Source rdacontent
337 ## - MEDIA TYPE
Media type term unmediated
Media type code n
Source rdamedia
338 ## - CARRIER TYPE
Carrier type term volume
Carrier type code nc
Source rdacarrier
520 ## - SUMMARY, ETC.
Summary, etc. Describes some of the well-known as well as the lesser-known details of Paul Revere's life and exciting ride.
600 10 - SUBJECT ADDED ENTRY--PERSONAL NAME
Personal name Revere, Paul,
Dates associated with a name 1735-1818
General subdivision Juvenile literature.
600 11 - SUBJECT ADDED ENTRY--PERSONAL NAME
Personal name Revere, Paul,
Dates associated with a name 1735-1818.
651 #1 - SUBJECT ADDED ENTRY--GEOGRAPHIC NAME
Geographic name United States
General subdivision History
Chronological subdivision Revolution, 1775-1783
General subdivision Biography.
700 1# - ADDED ENTRY--PERSONAL NAME
Personal name Tomes, Margot,
Relator term illusustrator
906 ## - LOCAL DATA ELEMENT F, LDF (RLIN)
a 7
b cbc
c orignew
d 2
e opcn
f 19
g y-gencatlg
942 ## - ADDED ENTRY ELEMENTS (KOHA)
Source of classification or shelving scheme Dewey Decimal Classification
Koha item type Books
Suppress in OPAC No
Holdings
Withdrawn status Lost status Source of classification or shelving scheme Damaged status Not for loan Collection Home library Current library Shelving location Date acquired Total Checkouts Full call number Barcode Date last seen Copy number Price effective from Koha item type
    Dewey Decimal Classification     Non-Fiction Footprints International School Library Network Toul Tom Poung Campus Footprints International School Library Network Toul Tom Poung Campus TTP Secondary Non-Fiction Bookshelves 09/12/2025   FRI 973.3311092 F69 .R4178 FISBK04199 09/12/2025 1 09/12/2025 Books